যুদ্ধ ও জীবন / (Record no. 789)
[ view plain ]
| 000 -LEADER | |
|---|---|
| fixed length control field | 00567nam a2200205 a 4500 |
| 001 - CONTROL NUMBER | |
| JCCL Control Number | 789 |
| 003 - CONTROL NUMBER IDENTIFIER | |
| JCCL marc code | BD-JhCC |
| 005 - DATE AND TIME OF LATEST TRANSACTION | |
| control field | 20171010181208.0 |
| 008 - FIXED-LENGTH DATA ELEMENTS--GENERAL INFORMATION | |
| fixed length control field | 171009s2005 bg |||| |||| 000 0 ben d |
| 020 ## - INTERNATIONAL STANDARD BOOK NUMBER | |
| International Standard Book Number | 9844018307 |
| 035 ## - SYSTEM CONTROL NUMBER | |
| system control number | (BD-JhCC)789 |
| 040 ## - CATALOGING SOURCE | |
| Original cataloging agency | BD-JhCC |
| Modifying agency | BD-JhCC |
| 041 ## - LANGUAGE CODE | |
| Language code of Book | ben |
| 082 ## - DEWEY DECIMAL CLASSIFICATION NUMBER | |
| Classification number | 891.4435 |
| Author mark and Year | HAI 2005 |
| 100 ## - MAIN ENTRY--PERSONAL NAME | |
| Personal name | হায়দার, রশীদ |
| 245 ## - TITLE STATEMENT | |
| Title | যুদ্ধ ও জীবন / |
| Statement of responsibility, etc | রশীদ হায়দার |
| 300 ## - PHYSICAL DESCRIPTION | |
| Pagination | 112 পৃ.; |
| Dimensions | ২২ সে.মি. |
| 650 ## - SUBJECT ADDED ENTRY--TOPICAL TERM | |
| Topical term or geographic name as entry element | Short stories, Bengali |
| 942 ## - ADDED ENTRY ELEMENTS (KOHA) | |
| Source of classification or shelving scheme | Dewey Decimal Classification |
| Koha item type | Books |
| Source of classification or shelving scheme | Damaged status | Not for loan | Home library | Current library | Date of accession | Cost, normal purchase price | Total Checkouts | Full call number | Barcode | Date last seen | Copy number | Koha item type | Shelving location | Source of acquisition |
|---|---|---|---|---|---|---|---|---|---|---|---|---|---|---|
| Dewey Decimal Classification | JCC Rouf Library | JCC Rouf Library | 10/09/2017 | 100.00 | 891.4435 HAI 2005 | 1790 | 10/09/2017 | C-1 | Books | |||||
| Dewey Decimal Classification | JCC Rouf Library | JCC Rouf Library | 10/10/2017 | 100.00 | 891.4435 HAI 2005 | 1789 | 10/10/2017 | C-2 | Books | General Stacks | Foundation of tenth's Efforts |